00294nam a2200109Ia 4500008004000000082001300040100004500053245003400098260002900132300001000161650001300171210210b1964 xxu||||| |||| 00| 0 eng d a669 STRM aSTREET (Arthur) and ALEXANDER (William). aMetals in the service of man. aLondon.bE L B S.,c1964 ax,320 aMetals